|
|
|
|
| LEADER |
00000nas a2200000 i 4500 |
| 001 |
ssj0001594805 |
| 003 |
WaSeSS |
| 005 |
20200512172242.0 |
| 006 |
m d |
| 007 |
cr n |
| 008 |
140911c20149999sw uu p s 0 0eng c |
| 010 |
|
|
|a 2015243306
|
| 015 |
|
|
|a GBB8A5844
|2 bnb
|
| 016 |
7 |
|
|a 101662134
|2 DNLM
|
| 016 |
7 |
|
|a 018886346
|2 Uk
|
| 022 |
|
|
|a 2001-8525
|l 2001-8525
|
| 035 |
|
|
|a (WaSeSS)ssj0001594805
|
| 040 |
|
|
|a AU@
|b eng
|e pn
|c AU@
|d NLM
|d OCLCO
|d CUS
|d OCLCF
|d OCLCQ
|d CASUM
|d OCLCO
|d OCLCA
|d UKMGB
|d OCLCA
|d VT2
|d WaSeSS
|
| 042 |
|
|
|a pcc
|
| 050 |
1 |
4 |
|a RC756
|
| 060 |
0 |
0 |
|a W1
|
| 245 |
0 |
0 |
|a European clinical respiratory journal
|h [electronic resource].
|
| 246 |
1 |
|
|a ECRJ
|
| 260 |
|
|
|a Järfälla :
|b Co-Action Publishing,
|c [2014]-
|
| 362 |
1 |
|
|a Began with Volume 1 (2014).
|
| 506 |
|
|
|a License restrictions may limit access.
|
| 515 |
|
|
|a Articles added as received to annual volume in progress.
|
| 525 |
|
|
|a Vol. 1 (2014) includes supplements.
|
| 588 |
|
|
|a Description based on: 2014, 1: 24949; title from PDF caption (publisher's Web site, viewed July 10, 2015).
|
| 588 |
|
|
|a Latest issue consulted: 2015, 2: 27768 (viewed July 10, 2015).
|
| 650 |
|
0 |
|a Lungs
|x Diseases
|v Periodicals.
|
| 650 |
|
0 |
|a Respiratory organs
|x Diseases
|v Periodicals.
|
| 650 |
1 |
2 |
|a Lung Diseases.
|
| 650 |
|
7 |
|a Lungs
|x Diseases.
|2 fast
|0 (OCoLC)fst01003777
|
| 650 |
|
7 |
|a Respiratory organs
|x Diseases.
|2 fast
|0 (OCoLC)fst01095766
|
| 651 |
|
4 |
|a Europe.
|
| 655 |
|
0 |
|a Electronic journals.
|
| 710 |
2 |
|
|a Nordic Respiratory Academy.
|
| 856 |
4 |
0 |
|z Full text available from Research Library: 01/01/2018 to present
|u https://search.proquest.com/publication/3933200
|